| 000 | 00500nam a2200157 i 4500 | ||
|---|---|---|---|
| 001 | 74417 | ||
| 003 | ES-MaACL | ||
| 005 | 20230906172127.0 | ||
| 007 | t| | ||
| 008 | 040917s1981 sp ||||1| spa d | ||
| 100 | 1 |
_aGonzález Hernández, Vicente. _958707 |
|
| 245 | 1 | 0 |
_aJusepe Martínez, (1600-1682) / _cVicfente González Hernández. |
| 260 |
_aZaragoza : _bMuseo e Instituto de Humanidades "Camón Aznar", _c[1981] |
||
| 300 |
_a271 p., 6 lám. ; _c24 cm. |
||
| 852 |
_aES-MaACL _jL-2584 _bR.103149 |
||
| 999 |
_c74417 _d74417 |
||